| Tag |
First Indicator |
Second Indicator |
Subfields |
| LEADER |
00000cam a2200000 i 4500 |
| 001 |
in00000067558 |
| 005 |
20190705164937.0 |
| 008 |
790627s1979 azua b 00010 eng |
| 010 |
|
|
|a 78051842
|
| 020 |
|
|
|a 0873581717
|
| 035 |
|
|
|a (OCoLC)05153533
|
| 035 |
|
|
|9 AAF9863AM
|
| 040 |
|
|
|a DLC
|c DLC
|d TXA
|d UtOrBLW
|
| 043 |
|
|
|a n-ust--
|
| 049 |
|
|
|a TXAM
|c [1159804]
|
| 050 |
0 |
0 |
|a TT848
|b .B39
|
| 082 |
0 |
|
|a 746.7/2
|
| 100 |
1 |
|
|a Bennett, Noël,
|d 1939-
|
| 245 |
1 |
0 |
|a Designing with the wool :
|b advanced techniques in Navajo weaving /
|c Noel Bennett.
|
| 250 |
|
|
|a 1st ed.
|
| 264 |
|
1 |
|a Flagstaff, [Ariz.] :
|b Northland Press,
|c [1979]
|
| 264 |
|
4 |
|c ©1979
|
| 300 |
|
|
|a x, 118 pages :
|b illustrations ;
|c 25 cm.
|
| 336 |
|
|
|a text
|b txt
|2 rdacontent
|
| 337 |
|
|
|a unmediated
|b n
|2 rdamedia
|
| 338 |
|
|
|a volume
|b nc
|2 rdacarrier
|
| 504 |
|
|
|a Bibliography: pages 111-114.
|
| 580 |
|
|
|a The Cushing Library/Lowman/Book Design copy forms part of the Book Design Section of the Al Lowman Printing Arts Collection and Research Archive.
|
| 500 |
|
|
|a The Cushing Library/Lowman/Book Design copy contains an informational pamphlet and is inscribed to Al Lowman by the author.
|
| 650 |
|
0 |
|a Hand weaving.
|
| 650 |
|
0 |
|a Indian textile fabrics
|z Southwest, New.
|
| 650 |
|
0 |
|a Navajo textile fabrics.
|
| 773 |
0 |
|
|t Al Lowman Printing Arts Collection and Research Archive.
|
| 999 |
|
|
|a MARS
|
| 999 |
f |
f |
|s 5b9a8065-5e28-3fc6-854d-4937122eba20
|i f8c3b9f4-7017-3b32-8920-b32da4353f65
|t 0
|
| 952 |
f |
f |
|p noncirc
|a Texas A&M University
|b College Station
|c Cushing Memorial Library & Archives
|d Cushing: Lowman (Does not check out)
|t 0
|e TT848 .B39 1979
|h Library of Congress classification
|i unmediated -- volume
|
| 952 |
f |
f |
|p normal
|a Texas A&M University
|b College Station
|c Sterling C. Evans Library
|d Evans: Library Stacks
|t 0
|e TT848 .B39
|h Library of Congress classification
|i unmediated -- volume
|m A14805665111
|
| 998 |
f |
f |
|a TT848 .B39
|t 0
|l Evans: Library Stacks
|
| 998 |
f |
f |
|a TT848 .B39 1979
|t 0
|l Cushing: Lowman (Does not check out)
|